<?xml version="1.0" encoding="UTF-8"?>
<collection xmlns="http://www.loc.gov/MARC21/slim">
<record>
  <controlfield tag="001">1020388</controlfield>
  <controlfield tag="005">20260124055555.0</controlfield>
  <datafield tag="591" ind1=" " ind2=" ">
    <subfield code="a">Germany</subfield>
  </datafield>
  <datafield tag="980" ind1=" " ind2=" ">
    <subfield code="a">dataset</subfield>
  </datafield>
  <datafield tag="980" ind1=" " ind2=" ">
    <subfield code="a">VDB</subfield>
  </datafield>
  <datafield tag="980" ind1=" " ind2=" ">
    <subfield code="a">UNRESTRICTED</subfield>
  </datafield>
  <datafield tag="980" ind1=" " ind2=" ">
    <subfield code="a">I:(DE-82)793810_20140620</subfield>
  </datafield>
  <datafield tag="980" ind1="1" ind2=" ">
    <subfield code="a">FullTexts</subfield>
  </datafield>
  <datafield tag="336" ind1="7" ind2=" ">
    <subfield code="2">BibTeX</subfield>
    <subfield code="a">MISC</subfield>
  </datafield>
  <datafield tag="336" ind1="7" ind2=" ">
    <subfield code="0">PUB:(DE-HGF)32</subfield>
    <subfield code="2">PUB:(DE-HGF)</subfield>
    <subfield code="a">Dataset</subfield>
    <subfield code="b">dataset</subfield>
    <subfield code="m">dataset</subfield>
    <subfield code="s">1769160934_285955</subfield>
  </datafield>
  <datafield tag="336" ind1="7" ind2=" ">
    <subfield code="0">26</subfield>
    <subfield code="2">EndNote</subfield>
    <subfield code="a">Chart or Table</subfield>
  </datafield>
  <datafield tag="336" ind1="7" ind2=" ">
    <subfield code="2">DataCite</subfield>
    <subfield code="a">Dataset</subfield>
  </datafield>
  <datafield tag="336" ind1="7" ind2=" ">
    <subfield code="2">ORCID</subfield>
    <subfield code="a">DATA_SET</subfield>
  </datafield>
  <datafield tag="336" ind1="7" ind2=" ">
    <subfield code="2">DINI</subfield>
    <subfield code="a">ResearchData</subfield>
  </datafield>
  <datafield tag="037" ind1=" " ind2=" ">
    <subfield code="a">RWTH-2025-08954</subfield>
  </datafield>
  <datafield tag="856" ind1="4" ind2=" ">
    <subfield code="u">http://publications.rwth-aachen.de/record/1020388/files/Rechteeinraeumung_%201020388_RWTH-2025-08954.pdf</subfield>
  </datafield>
  <datafield tag="856" ind1="4" ind2=" ">
    <subfield code="u">http://publications.rwth-aachen.de/record/1020388/files/Supplements_Diss_Rosenow.pdf</subfield>
    <subfield code="y">OpenAccess</subfield>
  </datafield>
  <datafield tag="909" ind1="C" ind2="O">
    <subfield code="o">oai:publications.rwth-aachen.de:1020388</subfield>
    <subfield code="p">openaire</subfield>
    <subfield code="p">open_access</subfield>
    <subfield code="p">VDB</subfield>
    <subfield code="p">driver</subfield>
  </datafield>
  <datafield tag="520" ind1=" " ind2=" ">
    <subfield code="a">This file contains all publicly available online supplements to the doctoral thesis titled “Queer strange, or queer gay?” – A diachronic mixed-method perspective on linguistic representations of queerness in scripted North American television shows submitted by Charlotte Maria Rosenow at RWTH Aachen University. The full thesis is available via DOI 10.18154/RWTH-2025-08959 (see link below).  As this thesis project utilizes datasets compiled by a third party, only a small excerpt of the annotated data can be made publicly available as a supplement. These exemplary materials from each step of the analysis are intended to illustrate the annotation procedures performed and to allow for more transparency in the analysis. A list of materials included as part of these online supplements can be found on the first page, and can always be accessed via this DOI 10.18154/RWTH-2025-08954. In the interest of academic accountability and comparability, a Coscine repository with additional materials relating to each of the analyses exemplified here was created. Limited access to these materials can be granted upon request via PID 21.11102/591a86a1-4283-4192-9fe7-7c4e401502c6 (link see References tab).</subfield>
  </datafield>
  <datafield tag="653" ind1=" " ind2="7">
    <subfield code="a">Scripted TV Language</subfield>
  </datafield>
  <datafield tag="653" ind1=" " ind2="7">
    <subfield code="a">Discourse Analysis</subfield>
  </datafield>
  <datafield tag="653" ind1=" " ind2="7">
    <subfield code="a">Diachronic Study</subfield>
  </datafield>
  <datafield tag="653" ind1=" " ind2="7">
    <subfield code="a">Corpus Linguistics</subfield>
  </datafield>
  <datafield tag="653" ind1=" " ind2="7">
    <subfield code="a">Mixed-method</subfield>
  </datafield>
  <datafield tag="653" ind1=" " ind2="7">
    <subfield code="a">Queer Linguistics</subfield>
  </datafield>
  <datafield tag="915" ind1=" " ind2=" ">
    <subfield code="0">StatID:(DE-HGF)0510</subfield>
    <subfield code="2">StatID</subfield>
    <subfield code="a">OpenAccess</subfield>
  </datafield>
  <datafield tag="915" ind1=" " ind2=" ">
    <subfield code="0">LIC:(DE-HGF)CCBYNC3</subfield>
    <subfield code="2">HGFVOC</subfield>
    <subfield code="a">Creative Commons Attribution-NonCommercial CC BY-NC 3.0</subfield>
  </datafield>
  <datafield tag="914" ind1="1" ind2=" ">
    <subfield code="y">2026</subfield>
  </datafield>
  <datafield tag="910" ind1="1" ind2=" ">
    <subfield code="0">I:(DE-588b)36225-6</subfield>
    <subfield code="6">P:(DE-82)IDM07434</subfield>
    <subfield code="a">RWTH Aachen</subfield>
    <subfield code="b">0</subfield>
    <subfield code="k">RWTH</subfield>
  </datafield>
  <datafield tag="245" ind1=" " ind2=" ">
    <subfield code="a">Online supplements | “Queer strange, or queer gay?” – A diachronic mixed-method perspective on linguistic representations of queerness in scripted North American television shows</subfield>
    <subfield code="h">online</subfield>
  </datafield>
  <datafield tag="024" ind1="7" ind2=" ">
    <subfield code="2">datacite_doi</subfield>
    <subfield code="a">10.18154/RWTH-2025-08954</subfield>
  </datafield>
  <datafield tag="260" ind1=" " ind2=" ">
    <subfield code="c">2026</subfield>
  </datafield>
  <datafield tag="100" ind1="1" ind2=" ">
    <subfield code="0">P:(DE-82)IDM07434</subfield>
    <subfield code="a">Rosenow, Charlotte Maria</subfield>
    <subfield code="b">0</subfield>
    <subfield code="u">rwth</subfield>
  </datafield>
  <datafield tag="041" ind1=" " ind2=" ">
    <subfield code="a">English</subfield>
  </datafield>
  <datafield tag="786" ind1="0" ind2=" ">
    <subfield code="0">21.11102/591a86a1-4283-4192-9fe7-7c4e401502c6</subfield>
    <subfield code="2">EPIC</subfield>
  </datafield>
  <datafield tag="787" ind1="0" ind2=" ">
    <subfield code="0">RWTH-2025-08959</subfield>
    <subfield code="a">Rosenow, Charlotte Maria et.al.</subfield>
    <subfield code="d">Aachen : RWTH Aachen University, 2025</subfield>
    <subfield code="i">RelatedTo</subfield>
    <subfield code="t">“Queer strange, or queer gay?" : a diachronic mixed-method perspective on linguistic representations of queerness in scripted North American television shows</subfield>
  </datafield>
  <datafield tag="920" ind1="1" ind2=" ">
    <subfield code="0">I:(DE-82)793810_20140620</subfield>
    <subfield code="k">793810</subfield>
    <subfield code="l">Lehrstuhl für Anglistische Sprachwissenschaft</subfield>
    <subfield code="x">0</subfield>
  </datafield>
</record>
</collection>